Vista normal Vista MARC

Entrada Meeting Name

Número de registros utilizados en: 1

001 - CONTROL NUMBER

  • control field: 37737

003 - CONTROL NUMBER IDENTIFIER

  • control field: OSt

005 - DATE AND TIME OF LATEST TRANSACTION

  • control field: 20210520154620.0

008 - FIXED-LENGTH DATA ELEMENTS

  • fixed length control field: 210520|| aca||aabn | a|a d

040 ## - CATALOGING SOURCE

  • Original cataloging agency: OSt
  • Transcribing agency: OSt

111 ## - HEADING--MEETING NAME

  • Meeting name or jurisdiction name as entry element: Seminario internacional sobre historia económica colombiana del siglo XIX
  • Date of meeting or treaty signing: (2007 ago. 15-16
  • Location of meeting: Bogotá, Colombia)

670 ## - SOURCE DATA FOUND

  • Source citation: Work cat.: (OSt)11732: Seminario internacional sobre historia económica colombiana del siglo XIX (2007 ago. 15-16 Bogotá, Colombia), Economía colombiana del siglo XIX, 2010.